La sombra de mi padre / (Registro nro. 13679)

000 -CABECERA
campo de control de longitud fija 00455nam a22001695a 4500
001 - NÚMERO DE CONTROL
campo de control 1664285
003 - IDENTIFICADOR DEL NÚMERO DE CONTROL
campo de control OSt
005 - FECHA Y HORA DE LA ÚLTIMA TRANSACCIÓN
campo de control 20210802121629.0
008 - DATOS DE LONGITUD FIJA--INFORMACIÓN GENERAL
campo de control de longitud fija 201015s g 000 0dspa d
020 ## - NÚMERO INTERNACIONAL ESTÁNDAR DEL LIBRO
Número Internacional Estándar del Libro 9789584288585
040 ## - FUENTE DE LA CATALOGACIÓN
Centro catalogador/agencia de origen CO-MqBPB
Lengua de catalogación spa
Centro/agencia transcriptor CO-MqBPB
082 ## - NÚMERO DE LA CLASIFICACIÓN DECIMAL DEWEY
Número de clasificación AN FRAs
245 10 - MENCIÓN DE TÍTULO
Título La sombra de mi padre /
Mención de responsabilidad, etc. Martín Franco Velez.
260 ## - PUBLICACIÓN, DISTRIBUCIÓN, ETC.
Nombre del editor, distribuidor, etc. Editorial Planeta Colombiana S.A,
Fecha de publicación, distribución, etc. 2020.
Lugar de publicación, distribución, etc. Bogotá,
300 ## - DESCRIPCIÓN FÍSICA
Extensión 135 p.
Dimensiones 23 cm
942 ## - ELEMENTOS DE PUNTO DE ACCESO ADICIONAL (KOHA)
Fuente del sistema de clasificación o colocación
Tipo de ítem Koha Libro
Existencias
Estado de retiro Estado de pérdida Fuente del sistema de clasificación o colocación Estado dañado No para préstamo Código de colección Localización permanente Ubicación/localización actual Fecha de adquisición Fuente de adquisición Número de inventario Total de préstamos Signatura topográfica completa Código de barras Fecha visto por última vez Fecha del último préstamo Número de copia Precio válido a partir de Tipo de ítem Koha Nota pública Ubicación en estantería
          Literatura Adulto Biblioteca Pública San Juan Bosco Biblioteca Pública San Juan Bosco 02/08/2021 Compra BPSJBM 2021 NT 1 AN FRAs MOS501389 23/09/2021 09/09/2021 Ej. 1 02/08/2021 Libro Literatura Quince días  
          Literatura Adulto Biblioteca Pública San Juan Bosco Biblioteca Pública San Juan Bosco 02/08/2021 Compra BPSJBM 2021 NT 1 AN FRAs MOS501391 06/03/2025 27/02/2025 Ej. 2 02/08/2021 Libro Literatura Quince días  
          Literatura Adulto Biblioteca Pública San Juan Bosco Biblioteca Pública San Juan Bosco 02/08/2021 Donación NT   AN FRAs MOS503909 19/09/2024   Ej. 3 02/08/2021 Libro Literatura Quince días Literatura

© Todos los derechos reservados para la Biblioteca Pública Municipal San Juan Bosco, 2020
Secretaria de Cultura de Mosquera
Carrera 3 N° 10 Esquina Centro Cultural Barrio El Carmén Teléfono: 8270830 Ext: 34
Funcionando con KOHA
Contacto: Biblioteca Pública Municipal San Juan Bosco/ bibliotecasanjuanbosco@mosquera-cundinamarca.gov.co
Mosquera, Cundinamarca